Longest World Capital City Names - Statistics

General Stats
  • This quiz has been taken 625 times
    416 since last reset
  • The average score is 8 of 21
Answer Stats
letters city % Correct
23 Sri Jayawardenapura Kotte
59%
12 Antananarivo
58%
17 Bandar Seri Begawan
54%
11 Buenos Aires
46%
11 Ouagadougou
44%
13 Guatemala City
43%
11 Ulaanbaatar
41%
12 Port-au-Prince
37%
11 Port Moresby
37%
14 Andorra la Vella
36%
12 Santo Domingo
36%
11 Port-of-Spain
35%
11 Kuala Lumpur
34%
11 Tegucigalpa
34%
12 Yamoussoukro
33%
11 Vatican City
31%
11 Brazzaville
29%
12 Bloemfontein
26%
11 San Salvador
26%
12 Saint George's
18%
11 South Tarawa
14%
No matching quizzes found
Score Distribution
Percent of People with Each Score
Percentile by Number Answered
Your Score History
You have not taken this quiz since the last reset